Polynomially cointegrated systems and their representations <a> synthesis

Salvato in:
Dettagli Bibliografici
Autore principale: Haldrup, Niels
Altri autori: Salmon, Mark
Natura: Libro
Lingua:inglese
Pubblicazione: San Domenico (FI) European University Institute 1994
Serie:EUI Working paper ECO No. 94/8
Soggetti:
Tags: Aggiungi Tag
Nessun Tag, puoi essere il primo ad aggiungerne!!

MARC

LEADER 00000nam a2200000 4500
001 c141255
005 20221123112637.6
041 0 |a eng 
044 |a IT 
245 1 0 |a Polynomially cointegrated systems and their representations  |b <a> synthesis  |c Niels Haldrup and Mark Salmon 
264 1 |a San Domenico (FI)  |b European University Institute  |c 1994 
300 |a 29 s. 
490 1 |a EUI Working paper ECO  |v No. 94/8 
830 0 |a EUI Working paper ECO  |v No. 94/8 
610 2 0 |a modelovanie ekonometrické 
610 2 0 |a rady časové 
610 2 0 |a modely 
100 1 |a Haldrup, Niels 
700 1 |a Salmon, Mark